[Event "Bamberg op-B 5th"]
[Site "Bamberg"]
[Date "2023.07.26"]
[Round "1"]
[White "Timm, Jasper"]
[Black "Albayrak, Atilla"]
[Result "1-0"]
[WhiteElo "1701"]
[BlackElo "1594"]
[PlyCount "87"]
[EventDate "2023.07.26"]
[EventType "swiss"]
[EventRounds "7"]
[EventCountry "GER"]
[SourceTitle "CBM 215 Extra"]
[Source "ChessBase"]
[SourceDate "2023.09.30"]
[SourceVersion "1"]
[SourceVersionDate "2023.09.30"]
[SourceQuality "1"]

1. Nf3 Nf6 2. c4 d6 3. d4 g6 4. g3 Bg7 5. Bg2 0-0 6. 0-0 c5 7. dxc5 dxc5 8. Qxd8 Rxd8 9. Nc3 Be6 10. Ng5 Bc8 11. Be3 Na6 12. Rad1 Rxd1 13. Rxd1 h6 14. Rd8+ Bf8 15. Ne6 Bxe6 16. Rxa8 Ng4 17. Bc1 Bxc4 18. h3 Nf6 19. Bxh6 Nh7 20. Bxf8 Nxf8 21. Bxb7 Nc7 22. Rxa7 Nfe6 23. b3 Bb5 24. Bd5 Nxd5 25. Nxd5 Bxe2 26. Nxe7+ Kg7 27. Nd5 Bf3 28. Ne3 Ng5 29. Kh2 Ne4 30. g4 Ng5 31. Nc4 Bd5 32. a4 Nf3+ 33. Kg3 Nd4 34. Nd2 Kf6 35. Ra5 Nxb3 36. Nxb3 Bxb3 37. Rxc5 Bxa4 38. f4 Bb3 39. Rc6+ Kg7 40. Rb6 Ba2 41. Kh4 Bc4 42. Kg5 Bf1 43. h4 f6+ 44. Rxf6 1-0

[Event "Nuremberg Zabo op 18th"]
[Site "Nuremberg"]
[Date "2016.09.17"]
[Round "3"]
[White "Albayrak, Atilla"]
[Black "Thuerauf, Peter"]
[Result "0-1"]
[WhiteElo "1362"]
[BlackElo "1768"]
[PlyCount "40"]
[EventDate "2016.09.16"]
[EventType "swiss"]
[EventRounds "5"]
[EventCountry "GER"]
[SourceTitle "EXT 2018"]
[Source "ChessBase"]
[SourceDate "2017.10.13"]
[SourceVersion "1"]
[SourceVersionDate "2017.10.13"]
[SourceQuality "1"]

1. d4 d5 2. c4 e6 3. Nc3 Nf6 4. e3 c6 5. Nf3 Nbd7 6. c5 Qc7 7. Bd3 e5 8. Nh4 e4 9. Be2 g5 10. Nf5 Nxc5 11. g4 Bxf5 12. gxf5 Ncd7 13. Bd2 Bd6 14. h3 Nb6 15. Qb3 Qd7 16. Nb5 Bb8 17. Ba5 Nc4 18. Bxc4 dxc4 19. Nc7+ Bxc7 20. Qxb7 Bxa5+ 0-1

[Event "Mittelfranken Cup"]
[Site "Nuremberg"]
[Date "2016.03.05"]
[Round "2"]
[White "Kotitschke, Karlheinz"]
[Black "Albayrak, Atilla"]
[Result "1-0"]
[WhiteElo "1802"]
[BlackElo "1364"]
[PlyCount "67"]
[EventDate "2016.03.05"]
[EventType "k.o."]
[EventRounds "4"]
[EventCountry "GER"]
[SourceTitle "EXT 2018"]
[Source "ChessBase"]
[SourceDate "2017.10.13"]
[SourceVersion "1"]
[SourceVersionDate "2017.10.13"]
[SourceQuality "1"]

1. d4 d5 2. Bg5 Bf5 3. c4 c6 4. Nc3 Qd6 5. Qb3 b6 6. cxd5 cxd5 7. Qxd5 Nc6 8. Qxf5 e6 9. Qd3 Qb4 10. 0-0-0 Qa5 11. Qb5 Rc8 12. Qxa5 Nxa5 13. e4 f6 14. Bd2 Ne7 15. Bb5+ Kf7 16. Kb1 g5 17. h4 g4 18. h5 f5 19. f3 Nec6 20. Bxc6 Nxc6 21. Nge2 a6 22. fxg4 fxg4 23. Rhf1+ Ke7 24. Bg5+ Ke8 25. d5 exd5 26. exd5 Ne5 27. Bf6 Nf7 28. Bxh8 Nxh8 29. d6 Kd7 30. Ne4 Bg7 31. Nf6+ Ke6 32. d7 Rd8 33. Nd4+ Ke5 34. Nc6+ 1-0

[Event "Mittelfranken Mitte-ch"]
[Site "Zirndorf"]
[Date "2016.01.04"]
[Round "4"]
[White "Diebel, Guenter"]
[Black "Albayrak, Atilla"]
[Result "1-0"]
[WhiteElo "1700"]
[BlackElo "1387"]
[PlyCount "55"]
[EventDate "2016.01.03"]
[EventType "swiss"]
[EventRounds "7"]
[EventCountry "GER"]
[SourceTitle "EXT 2018"]
[Source "ChessBase"]
[SourceDate "2017.10.13"]
[SourceVersion "1"]
[SourceVersionDate "2017.10.13"]
[SourceQuality "1"]

1. e4 e5 2. Nf3 Nc6 3. Bc4 Nf6 4. Nc3 Bc5 5. h3 h6 6. d3 Qe7 7. a3 a6 8. Be3 b5 9. Ba2 Bb7 10. b4 Bxe3 11. fxe3 d6 12. Nd5 Nxd5 13. exd5 Nb8 14. e4 c6 15. dxc6 Nxc6 16. 0-0 0-0 17. c3 Rac8 18. Qe1 Nd8 19. Nh4 Qg5 20. Rf5 Qe7 21. Ng6 Qe8 22. Nxf8 Qxf8 23. Rc1 Qe7 24. Qf2 Rc7 25. Rf1 Ne6 26. Rxf7 Qxf7 27. Qxf7+ Rxf7 28. Bxe6 1-0

[Event "Nuremberg Zabo op 17th"]
[Site "Nuremberg"]
[Date "2015.09.25"]
[Round "4"]
[White "Weber, Alexander"]
[Black "Albayrak, Atilla"]
[Result "1-0"]
[WhiteElo "1801"]
[BlackElo "1383"]
[PlyCount "81"]
[EventDate "2015.09.21"]
[EventType "swiss"]
[EventRounds "5"]
[EventCountry "GER"]
[SourceTitle "EXT 2018"]
[Source "ChessBase"]
[SourceDate "2017.10.13"]
[SourceVersion "1"]
[SourceVersionDate "2017.10.13"]
[SourceQuality "1"]

1. e4 e5 2. Nf3 Nf6 3. Nxe5 d6 4. Nxf7 Kxf7 5. d4 g6 6. Bc4+ d5 7. exd5 Qe8+ 8. Be3 Bd6 9. 0-0 Bf5 10. h3 Qe4 11. Bd3 Qxd5 12. c4 Qe6 13. Bxf5 Qxf5 14. Qb3 Kg7 15. Qxb7 Nbd7 16. c5 Rhb8 17. Qc6 Bf4 18. b3 Nd5 19. g4 Qf7 20. Na3 a6 21. Nc4 Nb4 22. Qe4 Nd5 23. Rae1 Re8 24. Qg2 N7f6 25. Bxf4 Nxf4 26. Qf3 N6d5 27. Ne5 Qf6 28. a3 a5 29. Re4 Rad8 30. Rfe1 Qg5 31. Qg3 h5 32. h4 Qf6 33. g5 Qf5 34. Kh2 Rf8 35. Nc6 Ra8 36. Ne7 Qf7 37. Nxd5 Nxd5 38. R1e2 Qf3 39. Qe5+ Kg8 40. Qxd5+ Rf7 41. Qxa8+ 1-0

[Event "Nuremberg Zabo op 17th"]
[Site "Nuremberg"]
[Date "2015.09.21"]
[Round "1"]
[White "Albayrak, Atilla"]
[Black "Laustsen, Karl Johann"]
[Result "1-0"]
[WhiteElo "1383"]
[BlackElo "1837"]
[PlyCount "75"]
[EventDate "2015.09.21"]
[EventType "swiss"]
[EventRounds "5"]
[EventCountry "GER"]
[SourceTitle "EXT 2018"]
[Source "ChessBase"]
[SourceDate "2017.10.13"]
[SourceVersion "1"]
[SourceVersionDate "2017.10.13"]
[SourceQuality "1"]

1. d4 Nf6 2. c4 e6 3. Nc3 Bb4 4. Bf4 0-0 5. Nf3 b6 6. Qc2 Bb7 7. a3 Bxc3+ 8. Qxc3 d6 9. Bg5 Nbd7 10. Nd2 Qe8 11. f3 e5 12. e4 a5 13. Bd3 Kh8 14. 0-0 Ng8 15. b4 f6 16. Be3 Ne7 17. f4 Ng6 18. f5 exd4 19. Bxd4 Nge5 20. Be2 Qe7 21. Qh3 axb4 22. axb4 Rxa1 23. Rxa1 Ra8 24. Rxa8+ Bxa8 25. Qa3 Qd8 26. c5 bxc5 27. bxc5 dxc5 28. Bxc5 Bb7 29. Qb4 Qa8 30. Qa3 Qxa3 31. Bxa3 Kg8 32. Kf2 Kf7 33. Ke3 g6 34. g3 Bc6 35. Nb3 Nb6 36. Kd4 Kg7 37. Nc5 Bd7 38. Ne6+ 1-0

[Event "Nuremberg Zabo op 17th"]
[Site "Nuremberg"]
[Date "2015.09.21"]
[Round "2"]
[White "Haag, Wolfgang"]
[Black "Albayrak, Atilla"]
[Result "1-0"]
[WhiteElo "2177"]
[BlackElo "1383"]
[PlyCount "21"]
[EventDate "2015.09.21"]
[EventType "swiss"]
[EventRounds "5"]
[EventCountry "GER"]
[SourceTitle "EXT 2018"]
[Source "ChessBase"]
[SourceDate "2017.10.13"]
[SourceVersion "1"]
[SourceVersionDate "2017.10.13"]
[SourceQuality "1"]

1. d4 Nf6 2. c4 g6 3. Nc3 Bg7 4. e4 d6 5. Be2 b6 6. Nf3 Bb7 7. d5 a6 8. 0-0 Nbd7 9. Nd4 Nc5 10. Bf3 Qd7 11. b4 1-0

[Event "Nuremberg Zabo op 15th"]
[Site "Nuremberg"]
[Date "2013.09.22"]
[Round "5"]
[White "Mantel, Hubert"]
[Black "Albayrak, Atilla"]
[Result "1-0"]
[WhiteElo "1604"]
[BlackElo "1356"]
[PlyCount "85"]
[EventDate "2013.09.20"]
[EventType "swiss"]
[EventRounds "5"]
[EventCountry "GER"]
[SourceTitle "EXT 2016"]
[Source "ChessBase"]
[SourceDate "2015.10.08"]
[SourceVersion "1"]
[SourceVersionDate "2015.10.08"]
[SourceQuality "1"]

1. e4 e5 2. Bc4 Nf6 3. Nc3 Bb4 4. d3 c6 5. Nge2 d5 6. exd5 cxd5 7. Bb5+ Nc6 8. 0-0 Bg4 9. a3 Ba5 10. Kh1 a6 11. Ba4 b5 12. Bb3 0-0 13. f3 Be6 14. Bg5 Bc7 15. f4 Bg4 16. Bxd5 Qd6 17. fxe5 Qxe5 18. Bf4 Bxe2 19. Bxe5 Bxd1 20. Bxf6 Bxc2 21. Bxc6 gxf6 22. Bxa8 Rxa8 23. Nd5 Be5 24. Nxf6+ Kh8 25. Rae1 Bxb2 26. Rf2 Bxf6 27. Rxf6 Bxd3 28. Rxf7 Kg8 29. Rd7 Bf5 30. Rd5 Rf8 31. Rf1 Be6 32. Rxf8+ Kxf8 33. Rd6 Bc4 34. Rxa6 Bd3 35. Rd6 Bc4 36. Kg1 Ke7 37. Rd2 Kf6 38. Kf2 Kg7 39. Ke3 Kf6 40. Kd4 h5 41. Kc5 h4 42. Rd4 Bf1 43. Rf4+ 1-0

[Event "Nuremberg Zabo op 15th"]
[Site "Nuremberg"]
[Date "2013.09.21"]
[Round "3"]
[White "Krasotin, Valentin"]
[Black "Albayrak, Atilla"]
[Result "1-0"]
[WhiteElo "1747"]
[BlackElo "1356"]
[PlyCount "73"]
[EventDate "2013.09.20"]
[EventType "swiss"]
[EventRounds "5"]
[EventCountry "GER"]
[SourceTitle "EXT 2016"]
[Source "ChessBase"]
[SourceDate "2015.10.08"]
[SourceVersion "1"]
[SourceVersionDate "2015.10.08"]
[SourceQuality "1"]

1. e4 c5 2. Nf3 Nc6 3. d4 cxd4 4. Nxd4 e6 5. c4 Qb6 6. Nb3 Nf6 7. Nc3 Bb4 8. Be3 Bxc3+ 9. bxc3 Qc7 10. f3 b6 11. Nd4 Ne5 12. Nb5 Qc6 13. Qd4 Ng6 14. e5 Nh5 15. Qg4 Nxe5 16. Qxh5 d6 17. Rd1 g6 18. Qg5 0-0 19. Rxd6 Qxf3 20. Qxe5 Qf5 21. Qxf5 exf5 22. Nc7 Rb8 23. Bh6 Bb7 24. Bxf8 Kxf8 25. Kf2 Ke7 26. Rd4 Be4 27. Bd3 Bxd3 28. Rxd3 Kf6 29. Re1 h5 30. Re8 Rxe8 31. Nxe8+ Ke5 32. Kf3 f4 33. Rd5+ Ke6 34. Kxf4 f6 35. Nc7+ Kf7 36. Rd7+ Kf8 37. Nd5 1-0